000 00833nam a2200229Ia 4500
999 _c59456
_d59456
003 GCL
005 20240530110232.0
008 140319s9999 xx 000 0 ara d
040 _aGCL /
_cGCL
082 0 4 _a016/
_bم د
110 1 _aالمجلس الاعلى للثقافة ، لجنة الترجمة
245 1 2 _aالدليل الببليوغرافى لروائع الاداب العالمية /
_cلجنة الترجمة بالمجلس الاعلى للثقافة
260 _a[S.N] :
_bالهيئة المصرية العامة للكتاب ،
_c1992
300 _a143 ص
490 _aشكاوى المصرى الفصيح
_v0
650 0 4 _aالشعراء
650 0 4 _aالكتب
650 0 4 _aالمؤلفون
650 0 4 _aالببليوجرافيات
650 0 4 _aعناوين الكتب
942 _2ddc
_cREF